Traité de architecture (Record no. 44826)

MARC details
000 -LEADER
campo de control de longitud fija 01186nam a2200193 i 4500
001 - NÚMERO DE CONTROL
campo de control 44826
003 - IDENTIFICADOR DE NÚMERO DE CONTROL
campo de control ES-MaACL
005 - FECHA Y HORA DE LA ÚLTIMA TRANSACCIÓN
campo de control 20240229183435.0
007 - CAMPO FIJO DE DESCRIPCIÓN FÍSICA--INFORMACIÓN GENERAL
campo de control de longitud fija t|
008 - DATOS DE LONGITUD FIJA--INFORMACIÓN GENERAL
campo de control de longitud fija 030324s1911 fr ||||1| fre d
100 1# - ENTRADA PRINCIPAL--NOMBRE DE PERSONA
Nombre de persona Cloquet, Louis.
9 (RLIN) 39282
245 10 - MENCIÓN DEL TÍTULO
Título Traité de architecture
Resto del título : ; Elements de l'architecture ; Types d'edifices ; Esthetique, composition et practique de l'architecture /
Mención de responsabilidad, etc. Louis Cloquet.
260 ## - PUBLICACIÓN, DISTRIBUCIÓN, ETC.
Lugar de publicación, distribución, etc. [Lille :
Nombre del editor, distribuidor, etc. Desclée de Brouwer,
Fecha de publicación, distribución, etc. 1911]
300 ## - DESCRIPCIÓN FÍSICA
Extensión 5 v. ;
Dimensiones 25 cm.
505 8# - NOTA DE CONTENIDO CON FORMATO
Nota de contenido con formato Contiene: V. I: Murs, voutes, arcades. -- V. II: Portes, fenètres, cheminees, charpente, menuioerie, planchers, escaliers, coiulles, couvertures. -- V. III: Hygiené de l'habitation. -- V. IV: Habitations privées et collections. Entrepots marchés et abatoirs. Bourses et banques. Escolas, bibliotheques et musees. Hotels de mille et maires. Parlaments et prefectures. Tribunause et prisous hispitause et hospices. Gares hotels du postes. Theatres panoramas, casinos, ciruqes, maneges, tirus, bains et Lavoirs. Tombeaux et cimetries. -- V. V: Esthetique composition et decoration
650 04 - PUNTO DE ACCESO ADICIONAL DE MATERIA--TÉRMINO DE MATERIA
Término de materia o nombre geográfico como elemento de entrada Arquitectura
9 (RLIN) 9986
852 ## - LOCALIZACIÓN
Ubicación ES-MaACL
Número de control de estantería C-1940-44
Holdings
Estatus retirado Estado de pérdida Estado de daño No para préstamo Biblioteca de origen Biblioteca actual Ubicación en estantería Fecha de adquisición Fuente de adquisición Total de préstamos Signatura topográfica completa Código de barras Visto por última vez Precio de reemplazo Tipo de ítem Koha
        Biblioteca del Ateneo de Madrid Biblioteca del Ateneo de Madrid Mesetón 17/01/2008     C-1940-44 1047176 23/02/2023 23/02/2023 Libro impreso